=LDR 00000nam 2200000 4500 =001 INLIS000000000014695 =005 20130612105956 =008 ***********************************Ind** =035 ##$$0010-061300000014695 =041 ##$$a Ind =082 ##$$a 612.4 =090 ##$$a 612.4, Mar b =100 ##$$a Mardiati,Ratna =245 ##$$a Buku kuliah Faal endokrin, Ratna Mardiati =260 ##$$a 2004 $b Jakarta =300 ##$$a iv,85 hlm, 21,5cm =650 ##$$a Fisiologi Kedokteran =850 ##$$a NBPNMAT